00307 2200133 4500001002100000005001500021035002000036245002500056100001200081260003600093082000800129084001400137990002200151INLIS00000000000244620250604102757 a0010-06250000321 aTiga Kota /cNugroho0 aNugroho aJakarta :bBalai Pustaka,c1995 a800 a800 NUG t a954046 s/d 954055